Dohoda medzi Ministerstvom Ruskej federácie pre atómovú energiu a Ministerstvom hospodárstva SR o spolupráci v oblasti atómovej energetiky

Text Dohody uzavretej v Moskve 4.6.1993.

Gespeichert in:
Bibliographische Detailangaben
Format: Buchkapitel
Sprache:Slowakisch
Schlagworte:
Tags: Tag hinzufügen
Keine Tags, Fügen Sie das erste Tag hinzu!

MARC

LEADER 00000naa a2200000 4500
001 r014279
005 20221213123348.2
041 0 |a slo 
044 |a SK 
245 1 0 |a Dohoda medzi Ministerstvom Ruskej federácie pre atómovú energiu a Ministerstvom hospodárstva SR o spolupráci v oblasti atómovej energetiky 
520 |a Text Dohody uzavretej v Moskve 4.6.1993. 
610 2 0 |a zmluvy o spolupráci 
610 2 0 |a Rusko 
610 2 0 |a Slovensko 
610 2 0 |a energetika 
610 2 0 |a energia atómová 
610 2 0 |a 1993